000 00343 a2200157 4500
001 71021
020 _a8530501993
040 _cAnchieta - Itaigara
100 _aRocha, Ruth
240 1 0 _aO reizinho mandão
_lpor
245 1 0 _aO reizinho mandão
300 _a39p.
362 0 _a1997
650 4 _aLiteratura infanto-juvenil
942 _cBK
999 _c71021
_d71021